Guess the singer - T - Statistics

General Stats
  • This quiz has been taken 76 times
  • The average score is 10 of 30
Answer Stats
Hint Answer % Correct
Everybody Wants To Rule The World Tears for Fears
62%
Hey, Soul Sister Train
62%
All Too Well Taylor Swift
60%
What's Love Got to do With It Tina Turner
60%
No Scrubs TLC
57%
Fast Car Tracy Chapman
57%
California Love Tupac Shakur
57%
Free Fallin Tom Petty and the Heartbreakers
53%
Live Your Life T.I.
51%
Dynamite Taio Cruz
43%
My Girl The Temptations
43%
SICKO MODE Travis Scott
43%
Heathens Twenty One Pilots
43%
The Boys Are Back in Town Thin Lizzy
41%
Psycho Killer Talking Heads
38%
EARFQUAKE Tyler, the Creator
37%
Apologize Timbaland
28%
Buy U a Drank T-Pain
25%
Semi-Charmed Life Third Eye Blind
24%
Back for Good Take That
19%
Live Like You Were Dying Tim McGraw
19%
Habits Tove Lo
19%
The Color Violet Tory Lanez
18%
New Person, Same Old Mistakes Tame Impala
15%
One of Your Girls Troye Sivan
13%
One Day Tate McRae
10%
Or Nah Ty Dolla $ign
7%
Slow Motion Trey Songz
6%
Hollow Tori Kelly
4%
Life Changes Thomas Rhett
3%
No matching quizzes found
Score Distribution
Percent of People with Each Score
Percentile by Number Answered
Your Score History
You have not taken this quiz